[Event "XIII American Continental"]
[Site "Montevideo URU"]
[Date "2018.06.09"]
[Round "10"]
[White "Carbone, Diego"]
[Black "Thavandiran, Shiyam"]
[Result "1/2-1/2"]
[WhiteElo "2242"]
[BlackElo "2417"]
[EventDate "2018.06.01"]
[PlyCount "90"]

1.Nf3 Nf6 2.c4 c5 3.g3 e6 4.Bg2 a6 5.Nc3 Qc7 6.O-O d6 7.d4 cxd4 8.Nxd4 Be7
9.b3 Bd7 10.Bb2 Nc6 11.Rc1 Nxd4 12.Qxd4 O-O 13.Rfd1 Rfd8 14.b4 Rac8 15.b5 
Qb8 16.Ba3 axb5 17.cxb5 Be8 18.Bb4 b6 19.a4 Rc7 20.a5 d5 21.Bxe7 Rxe7 22.
a6 Rc7 23.Ra1 Rdc8 24.Ra3 Rc4 25.Qd3 Qa7 26.e3 h6 27.h3 Nd7 28.Qd2 R4c5 
29.f4 Nf6 30.Rb1 Bd7 31.Rb2 Ne8 32.Bf1 Nd6 33.Bd3 R8c7 34.Rab3 Qa8 35.Ra2 
f6 36.Na4 Rc1+ 37.Kh2 d4 38.e4 Bxb5 39.Nxb6 Bxd3 40.Nxa8 Bxe4 41.g4 Rh1+ 
42.Kg3 Rg1+ 43.Kh2 Rh1+ 44.Kg3 Rg1+ 45.Kh2 Rh1+ 1/2-1/2

[Event "XIII American Continental"]
[Site "Montevideo URU"]
[Date "2018.06.09"]
[Round "10"]
[White "Madeira, Wagner Martins"]
[Black "Gemy Vargas, Jose Daniel"]
[Result "0-1"]
[WhiteElo "2171"]
[BlackElo "2393"]
[EventDate "2018.06.01"]
[PlyCount "142"]

1.e4 e5 2.Nf3 Nc6 3.d4 exd4 4.Nxd4 Bb4+ 5.c3 Bc5 6.Nxc6 bxc6 7.Bd3 d6 8.
O-O Qh4 9.Qf3 Ne7 10.Nd2 Bg4 11.Qg3 Qxg3 12.hxg3 Ng6 13.Nc4 Ne5 14.Nxe5 
dxe5 15.b4 Bb6 16.Ba6 Bc8 17.Bxc8 Rxc8 18.Bb2 Rd8 19.Rfd1 Ke7 20.c4 Bd4 
21.Bxd4 Rxd4 22.Rxd4 exd4 23.Rd1 Rb8 24.Rxd4 Rxb4 25.f3 Rb1+ 26.Kh2 Rb2 
27.c5 Rxa2 28.g4 g5 29.Rb4 a5 30.Rb7 Kd7 31.Rb8 Rc2 32.Rf8 Ke6 33.Re8+ Kd7
34.Rf8 Ke7 35.Rc8 Rxc5 36.Rxc7+ Ke6 37.g3 Rc2+ 38.Kh3 Rc3 39.Kg2 Rc2+ 40.
Kh3 a4 41.Ra7 Rc4 42.Kg2 h6 43.Kf2 Rc2+ 44.Ke3 Rc3+ 45.Kf2 a3 46.f4 f6 47.
Ra5 Kd6 48.f5 Rb3 49.Kg2 Kc7 50.e5 fxe5 51.Rxe5 Rb5 52.Re7+ Kb6 53.Re1 a2 
54.Ra1 Rb2+ 55.Kf3 Kc7 56.Ke4 Kd6 57.Rd1+ Ke7 58.Ra1 Kf6 59.Kd4 Rb4+ 60.
Kc5 Rxg4 61.Rxa2 Kxf5 62.Rh2 Rxg3 63.Rxh6 Rd3 64.Kxc6 g4 65.Kc5 g3 66.Rh8 
Kg4 67.Rg8+ Kf3 68.Rf8+ Ke2 69.Kc4 Rf3 70.Rg8 Kf2 71.Kd4 g2 0-1

[Event "XIII American Continental"]
[Site "Montevideo URU"]
[Date "2018.06.09"]
[Round "10"]
[White "Henriquez Villagra, Cristobal"]
[Black "Kimelman Bercovici, Gabriel"]
[Result "1-0"]
[WhiteElo "2518"]
[BlackElo "2279"]
[EventDate "2018.06.01"]
[PlyCount "53"]

1.d4 e6 2.c4 Nf6 3.Nf3 Bb4+ 4.Nbd2 b6 5.a3 Bxd2+ 6.Qxd2 Bb7 7.e3 d6 8.Be2 
Nbd7 9.O-O O-O 10.b4 Ne4 11.Qc2 c5 12.Rd1 Qe7 13.Nd2 Ndf6 14.Nxe4 Bxe4 15.
Qc3 d5 16.f3 Bg6 17.dxc5 bxc5 18.b5 Rfd8 19.Bb2 Ne8 20.a4 f6 21.Ba3 Rac8 
22.cxd5 exd5 23.Rac1 d4 24.Bc4+ Bf7 25.exd4 Bxc4 26.Qxc4+ Kh8 27.Re1 1-0

[Event "XIII American Continental"]
[Site "Montevideo URU"]
[Date "2018.06.09"]
[Round "10"]
[White "Cimer, Emanuel"]
[Black "Fernandez Cardoso, Alexey"]
[Result "1/2-1/2"]
[WhiteElo "2262"]
[BlackElo "2429"]
[EventDate "2018.06.01"]
[PlyCount "109"]

1.e4 c5 2.Nf3 Nc6 3.Bb5 e6 4.O-O Nge7 5.Re1 a6 6.Bf1 d5 7.exd5 Nxd5 8.d4 
Nf6 9.Be3 Be7 10.c4 O-O 11.Nc3 cxd4 12.Nxd4 Qc7 13.Nxc6 bxc6 14.g3 e5 15.
h3 Be6 16.b3 Nd7 17.Na4 f5 18.Bg2 e4 19.Bf4 Ne5 20.Bxe4 fxe4 21.Rxe4 Bf6 
22.Qe2 Nf3+ 23.Qxf3 Bxa1 24.Rxe6 Qf7 25.Qxc6 Bd4 26.Qe4 Rad8 27.Kg2 Qf5 
28.Qxf5 Rxf5 29.h4 a5 30.Nb6 Rf6 31.Rxf6 gxf6 32.Nd5 Kf7 33.Bd2 a4 34.b4 
Rc8 35.c5 Rd8 36.Nb6 Bxc5 37.Nxa4 Bxf2 38.Bf4 Bd4 39.Nc5 Ra8 40.a4 Bxc5 
41.bxc5 Rxa4 42.c6 Rc4 43.c7 Ke6 44.Kf3 h5 45.Ke3 Kd5 46.Kd3 Rc6 47.Ke3 
Rc3+ 48.Kd2 Rc4 49.Kd3 f5 50.Ke3 Re4+ 51.Kd3 Re8 52.Kc3 Kc6 53.Kd4 Re4+ 
54.Kd3 Kd7 55.Kc3 1/2-1/2

[Event "XIII American Continental"]
[Site "Montevideo URU"]
[Date "2018.06.09"]
[Round "10"]
[White "Cabrera Pando, Ramiro"]
[Black "Slipak, Sergio"]
[Result "1/2-1/2"]
[WhiteElo "2196"]
[BlackElo "2420"]
[EventDate "2018.06.01"]
[PlyCount "154"]

1.d4 d5 2.c4 e6 3.Nc3 a6 4.cxd5 exd5 5.Qb3 Nc6 6.Nf3 Nf6 7.Bg5 Bb4 8.e3 
Be6 9.Be2 h6 10.Bh4 g5 11.Bg3 Ne4 12.Ne5 Nxg3 13.Nxc6 bxc6 14.hxg3 Rb8 15.
Bxa6 c5 16.Be2 cxd4 17.exd4 c5 18.O-O O-O 19.Nb5 Qe7 20.dxc5 Bxc5 21.a4 
Rfc8 22.Qf3 Qd7 23.Rfd1 Bf8 24.Qd3 Bg7 25.Rd2 Qe7 26.a5 Bd7 27.Nd4 Qf6 28.
a6 Rb4 29.Rad1 Ra8 30.Qf3 Qxf3 31.Nxf3 Be6 32.Nd4 Bxd4 33.Rxd4 Rxb2 34.
R1d2 Rb1+ 35.Rd1 Rb2 36.R4d2 Rb6 37.Ra1 Ra7 38.f3 Kf8 39.Kf2 Rb3 40.Ra5 
Ke7 41.Rb5 Rxb5 42.Bxb5 Bc8 43.Ke3 Bxa6 44.Ra2 Bxb5 45.Rxa7+ Kf6 46.Rb7 
Bf1 47.Rb6+ Kg7 48.Kf2 Bd3 49.g4 f6 50.g3 Bg6 51.Rd6 Bf7 52.Ke3 Bg8 53.Kd4
Bf7 54.Kc5 h5 55.gxh5 Bxh5 56.g4 Bf7 57.Kc6 Bg8 58.Kd7 f5 59.gxf5 Kf7 60.
Kc6 Ke7 61.Rg6 Bf7 62.Rd6 Bh5 63.Kxd5 Bxf3+ 64.Ke5 Be2 65.f6+ Kf8 66.Kf5 
Bc4 67.Rd7 Bb3 68.Rc7 Ba2 69.Kxg5 Bb1 70.Kf4 Ba2 71.Ke5 Bb3 72.f7 Kg7 73.
Kf5 Bxf7 74.Kg5 Kg8 75.Kh6 Ba2 76.Kg6 Bb1+ 77.Kh6 Ba2 1/2-1/2

[Event "XIII American Continental"]
[Site "Montevideo URU"]
[Date "2018.06.09"]
[Round "10"]
[White "Pierrot, Facundo"]
[Black "Kapitanchuk, Tomas"]
[Result "1-0"]
[WhiteElo "2392"]
[BlackElo "2253"]
[EventDate "2018.06.01"]
[PlyCount "105"]

1.d4 Nf6 2.Nf3 e6 3.Bf4 d5 4.e3 Bd6 5.Bd3 O-O 6.O-O b6 7.Nbd2 Bb7 8.c3 c5 
9.Bxd6 Qxd6 10.Ne5 Nbd7 11.f4 Ne4 12.Nxd7 Qxd7 13.Nf3 f6 14.Qc2 Qc6 15.Nd2
a5 16.a4 Nxd2 17.Qxd2 Ba6 18.Bxa6 Rxa6 19.b4 axb4 20.cxb4 Rxa4 21.Rxa4 
Qxa4 22.dxc5 bxc5 23.bxc5 Rc8 24.Rc1 Qc6 25.Qb2 Re8 26.Qb6 Rc8 27.Qb3 Rc7 
28.h3 Rb7 29.Qc3 Rc7 30.Kh2 Rc8 31.Qb2 Rc7 32.h4 Rc8 33.Kg1 Re8 34.Qb3 Kf8
35.Qb6 Rc8 36.Qb1 Kg8 37.h5 h6 38.Qg6 Qb5 39.Qc2 Qc6 40.Qb3 Re8 41.Kf2 Ra8
42.Kg1 Kh8 43.Qb6 Rc8 44.Qxc6 Rxc6 45.Kf2 Kg8 46.Kf3 f5 47.Ke2 Kf7 48.Kd3 
Ke7 49.Kd4 Ra6 50.c6 Ra4+ 51.Kc5 Ra3 52.c7 Kd7 53.c8=Q+ 1-0

[Event "XIII American Continental"]
[Site "Montevideo URU"]
[Date "2018.06.09"]
[Round "10"]
[White "Markzon, Gregory"]
[Black "Santarius, Erik"]
[Result "0-1"]
[WhiteElo "2144"]
[BlackElo "2387"]
[EventDate "2018.06.01"]
[PlyCount "94"]

1.d4 d5 2.c4 e6 3.Nc3 Nf6 4.Nf3 a6 5.cxd5 exd5 6.g3 Be7 7.Bg2 O-O 8.O-O c6
9.Bf4 Nbd7 10.Qc2 Nb6 11.Rad1 g6 12.Rfe1 Bf5 13.Qb3 a5 14.a4 Bb4 15.Ne5 
Nfd7 16.Bh6 Re8 17.e4 Be6 18.exd5 cxd5 19.Nd3 Bxc3 20.Qxc3 Qf6 21.h4 Nxa4 
22.Qb3 Qxd4 23.Nf4 Nac5 24.Qa3 Qc4 25.Nxd5 Bxd5 26.Rxe8+ Rxe8 27.Bxd5 Qe2 
28.Bf3 Qc2 29.Rc1 Qf5 30.Qc3 Ne5 31.Bg2 Ne4 32.Qd4 Qxf2+ 33.Qxf2 Nxf2 34.
Bxb7 Nfg4 35.Bf4 Nd3 36.Rc8 Rxc8 37.Bxc8 Nxf4 38.Bxg4 Nd3 39.b3 Nc5 40.Bd1
Kg7 41.Kf2 Kf6 42.Ke3 Ke5 43.h5 g5 44.h6 f5 45.Bc2 g4 46.Kf2 Ne4+ 47.Kg2 
Kd4 0-1

[Event "XIII American Continental"]
[Site "Montevideo URU"]
[Date "2018.06.09"]
[Round "10"]
[White "Soto Vega, Jorge"]
[Black "Vergara Jofre, Felipe"]
[Result "1-0"]
[WhiteElo "2357"]
[BlackElo "2245"]
[EventDate "2018.06.01"]
[PlyCount "85"]

1.d4 Nf6 2.Bg5 Ne4 3.Bf4 d5 4.f3 Nf6 5.Nd2 c5 6.dxc5 Nc6 7.Nb3 e5 8.Bg5 
Bxc5 9.Nxc5 Qa5+ 10.Qd2 Qxc5 11.e3 Bf5 12.c3 h6 13.Bh4 O-O-O 14.Ne2 g5 15.
Bf2 Qe7 16.Ng3 Bg6 17.Bb5 h5 18.Ne2 h4 19.h3 Qe6 20.Ba4 Kb8 21.b4 Nd7 22.
Bb3 Nb6 23.e4 Nc4 24.exd5 Nxd2 25.dxe6 f6 26.Ba4 Rhe8 27.O-O-O Nc4 28.b5 
N6a5 29.b6 axb6 30.Bxe8 Rxe8 31.g3 hxg3 32.Nxg3 Rxe6 33.h4 gxh4 34.Rxh4 f5
35.Rh6 Kc7 36.Rg1 Rc6 37.f4 exf4 38.Ne2 Ne5 39.Nxf4 Rxc3+ 40.Kb1 Rf3 41.
Bd4 Nec6 42.Ne6+ Kd7 43.Rhxg6 1-0

[Event "XIII American Continental"]
[Site "Montevideo URU"]
[Date "2018.06.09"]
[Round "10"]
[White "Lopez Falcon, Jorge"]
[Black "Lujan, Carolina"]
[Result "0-1"]
[WhiteElo "2120"]
[BlackElo "2341"]
[EventDate "2018.06.01"]
[PlyCount "63"]

1.d4 Nf6 2.c4 g6 3.Nc3 d5 4.cxd5 Nxd5 5.e4 Nxc3 6.bxc3 Bg7 7.Bc4 c5 8.Ne2 
O-O 9.O-O Nc6 10.Be3 Bd7 11.dxc5 Qc7 12.Nd4 Ne5 13.Be2 Bc6 14.f3 Nd7 15.
Nxc6 Qxc6 16.Qd5 Rac8 17.Rab1 Nxc5 18.Qxc6 Rxc6 19.Bb5 Rc7 20.Bd4 a6 21.
Bc4 Na4 22.Bd5 b5 23.Bb3 Nxc3 24.Bxc3 Bxc3 25.Rfd1 a5 26.g3 Ra7 27.Rd3 
Rfa8 28.Rbd1 a4 29.Rd8+ Rxd8 30.Rxd8+ Kg7 31.Bd1 b4 32.Rd3 0-1

[Event "XIII American Continental"]
[Site "Montevideo URU"]
[Date "2018.06.09"]
[Round "10"]
[White "Cervantes Landeiro, Thalia"]
[Black "Varacalli, Francisco"]
[Result "1/2-1/2"]
[WhiteElo "2087"]
[BlackElo "2312"]
[EventDate "2018.06.01"]
[PlyCount "67"]

1.d4 Nf6 2.c4 g6 3.Nc3 Bg7 4.e4 d6 5.f4 O-O 6.Nf3 Bg4 7.Bd3 Nfd7 8.Be3 Nc6
9.Be2 e5 10.fxe5 dxe5 11.d5 Bxf3 12.Bxf3 Nd4 13.O-O a6 14.Ne2 c5 15.dxc6 
bxc6 16.Nxd4 exd4 17.Bxd4 Ne5 18.Bc5 Re8 19.Qe2 Qa5 20.b4 Qa4 21.Rac1 Rad8
22.Qc2 Qxc2 23.Rxc2 Nd3 24.Rd1 Nxc5 25.Rxd8 Rxd8 26.bxc5 Bd4+ 27.Kf1 Bxc5 
28.Ke2 Kg7 29.Rc3 Kf6 30.e5+ Kxe5 31.Bxc6 Rb8 32.Rb3 Rxb3 33.axb3 Kd4 34.
h3 1/2-1/2

[Event "XIII American Continental"]
[Site "Montevideo URU"]
[Date "2018.06.09"]
[Round "10"]
[White "Aranha Filho, Alvaro Zimmermann"]
[Black "Cerda Albornoz, Guillermo"]
[Result "1-0"]
[WhiteElo "2304"]
[BlackElo "2195"]
[EventDate "2018.06.01"]
[PlyCount "47"]

1.Nf3 g6 2.d4 Bg7 3.e4 c5 4.d5 e5 5.Nc3 d6 6.Be2 a6 7.a4 Ne7 8.O-O O-O 9.
Nd2 f5 10.Nc4 f4 11.Bg4 h5 12.Be6+ Kh7 13.a5 Qc7 14.Nb6 Ra7 15.g4 Kh6 16.
gxh5 gxh5 17.Ra3 Bf6 18.Ne2 Bxe6 19.dxe6 h4 20.Nxf4 exf4 21.Bxf4+ Bg5 22.
Bxg5+ Kxg5 23.Kh1 Ng6 24.Rg1+ 1-0

[Event "XIII American Continental"]
[Site "Montevideo URU"]
[Date "2018.06.09"]
[Round "10"]
[White "Saralegui, Mario"]
[Black "Foisor, Sabina-Francesca"]
[Result "0-1"]
[WhiteElo "2069"]
[BlackElo "2301"]
[EventDate "2018.06.01"]
[PlyCount "116"]

1.d4 d5 2.c4 c6 3.Nf3 Nf6 4.g3 e6 5.Bg2 Be7 6.O-O O-O 7.b3 b6 8.Bb2 Bb7 9.
Nbd2 a5 10.Ne5 c5 11.e3 Na6 12.Qe2 Rc8 13.Rfd1 cxd4 14.exd4 Rc7 15.Rdc1 
Qa8 16.cxd5 Nxd5 17.Rxc7 Naxc7 18.Rc1 Rd8 19.Qf3 f6 20.Nec4 b5 21.Ne3 Ne8 
22.Qe2 Nxe3 23.Bxb7 Qxb7 24.Qxe3 Qd5 25.Ne4 b4 26.Nc5 Kf7 27.Re1 Bxc5 28.
dxc5 Nc7 29.Bc1 Qd3 30.Qf4 e5 31.Qh4 Ne6 32.Be3 Nd4 33.Bxd4 Rxd4 34.Qh3 
Qc3 35.Rf1 Qxc5 36.Qxh7 e4 37.Re1 Qd5 38.Re3 Rd2 39.Qxe4 Qxe4 40.Rxe4 Rxa2
41.Rc4 Ke6 42.Rc7 Ra3 43.Ra7 g5 44.h4 gxh4 45.gxh4 Kf5 46.Ra6 Kg4 47.Rxf6 
Kxh4 48.Ra6 Kg4 49.Kg2 Kf4 50.Ra8 Ke4 51.Ra6 Kd4 52.Kf1 Kc3 53.f4 Kxb3 54.
f5 Ka4 55.Ke2 Rc3 56.f6 Rc7 57.Rb6 b3 58.Kd3 Ka3 0-1

[Event "XIII American Continental"]
[Site "Montevideo URU"]
[Date "2018.06.09"]
[Round "10"]
[White "Mariani, Daniel Brandao"]
[Black "Muniz, Rafael"]
[Result "0-1"]
[WhiteElo "2055"]
[BlackElo "2290"]
[EventDate "2018.06.01"]
[PlyCount "172"]

1.d4 Nf6 2.Nf3 e6 3.Bg5 c5 4.e3 Qb6 5.Nbd2 cxd4 6.exd4 Nc6 7.Nc4 Qc7 8.c3 
d5 9.Ncd2 Bd6 10.Bd3 h6 11.Bh4 Nh5 12.Bg3 Nf4 13.Bxf4 Bxf4 14.Qe2 O-O 15.
O-O e5 16.dxe5 Nxe5 17.Nxe5 Bxe5 18.Nf3 Bf6 19.Bc2 Bg4 20.Qd3 g6 21.Nd4 
Qc4 22.f3 Bd7 23.Rfd1 Rfe8 24.Qxc4 dxc4 25.Be4 Rab8 26.Kf2 h5 27.a4 a6 28.
Ne2 Bc6 29.Bxc6 bxc6 30.Rd2 Red8 31.Rad1 Re8 32.g3 Be7 33.Rb1 Bc5+ 34.Kf1 
Re3 35.f4 Rd3 36.Rbd1 Rf3+ 37.Kg2 Rf2+ 38.Kh3 Re8 39.Nd4 Bxd4 40.cxd4 Rxd2
41.Rxd2 Rd8 42.Kg2 Rd5 43.Kf3 Ra5 44.Rc2 Rxa4 45.Ke4 Kf8 46.Rc3 f5+ 47.Ke5
Ke7 48.d5 Ra5 49.Kd4 cxd5 50.Re3+ Kd6 51.Re8 Ra1 52.Rg8 Rd1+ 53.Kc3 Rd3+ 
54.Kc2 Rf3 55.Rxg6+ Kc5 56.Rg5 Rf2+ 57.Kc1 Rxh2 58.Rxf5 h4 59.gxh4 Rxh4 
60.Rf8 Rh1+ 61.Kd2 Rh2+ 62.Kc1 Rf2 63.f5 Kd6 64.f6 Rf5 65.Ra8 Rxf6 66.
Rxa6+ Ke5 67.Ra8 Kd4 68.Ra3 Rf1+ 69.Kc2 Rf2+ 70.Kc1 Re2 71.Ra8 Ke4 72.Ra4 
Rh2 73.Ra8 d4 74.Ra3 Rf2 75.Kb1 d3 76.Kc1 Ke3 77.b4 Kd4 78.Kb1 c3 79.Ra8 
Kc4 80.Ra3 Kxb4 81.Ra8 Rf1+ 82.Ka2 d2 83.Rd8 Kb5 84.Rd4 Kc5 85.Rd3 d1=Q 
86.Rxc3+ Kd4 0-1

[Event "XIII American Continental"]
[Site "Montevideo URU"]
[Date "2018.06.09"]
[Round "10"]
[White "Pacheco, Daniel"]
[Black "Guerrero, Alvaro"]
[Result "1-0"]
[WhiteElo "2256"]
[BlackElo "2116"]
[EventDate "2018.06.01"]
[PlyCount "47"]

1.d4 f5 2.g3 g6 3.Bg2 Nf6 4.Nh3 Bg7 5.c3 c6 6.Qb3 Na6 7.Nf4 Nc7 8.h4 e6 9.
h5 Kf7 10.Nd2 Ncd5 11.hxg6+ hxg6 12.Nh3 Kg8 13.e4 Ne7 14.e5 Nfd5 15.Nc4 
Nc7 16.Bg5 Qf8 17.O-O-O Bh6 18.Bxh6 Rxh6 19.Ng5 Ne8 20.Qa3 Rxh1 21.Rxh1 b5
22.Nd6 Nxd6 23.Qxd6 Ba6 24.Nh7 1-0

[Event "XIII American Continental"]
[Site "Montevideo URU"]
[Date "2018.06.09"]
[Round "10"]
[White "Medrano, Mario"]
[Black "Benoit, Rodrigo"]
[Result "0-1"]
[WhiteElo "2073"]
[BlackElo "2238"]
[EventDate "2018.06.01"]
[PlyCount "122"]

1.d4 Nf6 2.Nf3 d5 3.e3 c5 4.b3 cxd4 5.Nxd4 g6 6.Bb2 Bg7 7.Bb5+ Nbd7 8.O-O 
O-O 9.Nd2 a6 10.Be2 e5 11.N4f3 Re8 12.c4 dxc4 13.Nxc4 e4 14.Ng5 h6 15.Nh3 
Nc5 16.Nd6 Re7 17.Nxc8 Rd7 18.Bd4 Rxc8 19.Qe1 Ne6 20.Bc3 Nd5 21.Bxg7 Kxg7 
22.Rc1 b5 23.Rxc8 Qxc8 24.Qa1+ Qc3 25.a4 Qxa1 26.Rxa1 Nc3 27.Bf1 Nc5 28.
axb5 axb5 29.b4 Nd3 30.Ra3 Rc7 31.f3 Nxb4 32.Rb3 Nbd5 33.Bxb5 Nxe3 34.fxe4
Ng4 35.Bd3 Nxe4 36.Rb1 Nc3 37.Re1 Rd7 38.Nf4 Nf6 39.Bf1 Nfe4 40.Ne2 Nxe2+ 
41.Bxe2 f5 42.Bf3 Nf6 43.Rb1 Kf7 44.Rb7 Rxb7 45.Bxb7 Ke6 46.g3 Ke5 47.h3 
g5 48.Kf2 h5 49.Kf3 Nd7 50.Bc6 Nc5 51.h4 g4+ 52.Kg2 Ne4 53.Be8 Nf6 54.Bg6 
f4 55.gxf4+ Kxf4 56.Bc2 Ne4 57.Bb3 Nd6 58.Bc2 Nf5 59.Bxf5 Kxf5 60.Kg3 Ke4 
61.Kg2 Kf4 0-1

[Event "XIII American Continental"]
[Site "Montevideo URU"]
[Date "2018.06.09"]
[Round "10"]
[White "Teixeira, Ricardo da Silva"]
[Black "Andrade, Roberto Luiz Costa"]
[Result "1-0"]
[WhiteElo "2235"]
[BlackElo "2060"]
[EventDate "2018.06.01"]
[PlyCount "108"]

1.c4 Nf6 2.Nc3 c6 3.e4 d5 4.cxd5 cxd5 5.e5 Nfd7 6.d4 e6 7.Nf3 Be7 8.Bd3 
Nc6 9.a3 a6 10.O-O O-O 11.Bc2 Re8 12.Qd3 Nf8 13.Ne2 Bd7 14.g3 Na5 15.Nc3 
Rc8 16.h4 h6 17.Nh2 Qb6 18.Ng4 Nb3 19.Bxb3 Qxb3 20.Qf3 Qc2 21.h5 Qf5 22.
Qxf5 exf5 23.Ne3 Ne6 24.Nxf5 Bc6 25.Be3 Bf8 26.Rac1 Kh7 27.f4 g6 28.hxg6+ 
fxg6 29.Nh4 Be7 30.Nf3 Rf8 31.Kg2 Rce8 32.Rh1 Kg7 33.Rh3 Rh8 34.g4 Ref8 
35.Kg3 Rf7 36.Rch1 Bd8 37.R1h2 Bb6 38.Ng5 hxg5 39.Rxh8 gxf4+ 40.Bxf4 g5 
41.R2h7+ Kg6 42.Rh6+ Kg7 43.R8h7+ Kg8 44.Rxf7 Kxf7 45.Rf6+ Ke7 46.Be3 Ba7 
47.b4 Nxd4 48.Kf2 Ke8 49.Rg6 Bd7 50.Nxd5 Bxg4 51.Rxg5 Bh3 52.Rh5 Bc8 53.
Rh7 Nc6 54.Bxa7 Nxa7 1-0

[Event "XIII American Continental"]
[Site "Montevideo URU"]
[Date "2018.06.09"]
[Round "10"]
[White "Coppola, Claudio"]
[Black "Izquierdo, Daniel"]
[Result "1-0"]
[WhiteElo "2228"]
[BlackElo "2078"]
[EventDate "2018.06.01"]
[PlyCount "91"]

1.d4 g6 2.e4 Bg7 3.Nf3 d6 4.Bd3 Bg4 5.c3 e5 6.dxe5 dxe5 7.h3 Bd7 8.Na3 Ne7
9.Nc4 Nbc6 10.O-O O-O 11.Re1 h6 12.b4 a6 13.a4 Be6 14.Qe2 f6 15.Be3 b6 16.
b5 axb5 17.axb5 Rxa1 18.Rxa1 Nb8 19.Bc1 Qd7 20.Ba3 Rd8 21.Rd1 g5 22.Ne3 
Qe8 23.Nf5 Nxf5 24.exf5 Bf7 25.Nd2 Bf8 26.Ne4 Kg7 27.Ra1 Nd7 28.Bc4 Bxa3 
29.Rxa3 Nc5 30.Nxc5 bxc5 31.Bxf7 Qxf7 32.Qe4 Qd7 33.Ra7 Rb8 34.c4 h5 35.
Kh2 Rb6 36.Qa8 h4 37.Qe4 Rb8 38.Qe2 Kh6 39.Qf3 Qd6 40.Qe4 Qd7 41.Ra6 Rb6 
42.Ra8 Kg7 43.Qf3 Qf7 44.Ra7 Qxc4 45.Rxc7+ Kh6 46.Qh5+ 1-0

[Event "XIII American Continental"]
[Site "Montevideo URU"]
[Date "2018.06.09"]
[Round "10"]
[White "Mesias Rojas, Rabindranath"]
[Black "Okamura, Milton Kasuo"]
[Result "1-0"]
[WhiteElo "2203"]
[BlackElo "2050"]
[EventDate "2018.06.01"]
[PlyCount "99"]

1.d4 d5 2.Nc3 Nf6 3.Bf4 Bf5 4.f3 e6 5.g4 Bg6 6.h4 h5 7.g5 Ng8 8.e3 Bd6 9.
Bd3 Bxf4 10.exf4 Ne7 11.Bxg6 Nxg6 12.f5 exf5 13.Qe2+ Ne7 14.g6 fxg6 15.Nh3
Qd7 16.Ng5 O-O 17.O-O-O Nbc6 18.Rhe1 Rae8 19.Qe6+ Qxe6 20.Nxe6 Rc8 21.Nxf8
Kxf8 22.Ne2 g5 23.hxg5 Ng6 24.f4 Nce7 25.Rd3 Kf7 26.Re3 Rh8 27.Ng1 Nc8 28.
Nf3 c6 29.Ne5+ Nxe5 30.Rxe5 g6 31.Re6 Rf8 32.Kd2 Kg7 33.Ke3 Rf7 34.Kf3 Rf8
35.b3 Rf7 36.R1e5 Nb6 37.Re8 Nd7 38.R5e7 a6 39.c4 dxc4 40.bxc4 Nb6 41.c5 
Nd7 42.Rxf7+ Kxf7 43.Rc8 Nf8 44.Rc7+ Ke6 45.Rxb7 Kd5 46.Rg7 Ne6 47.Rxg6 
Nxd4+ 48.Kf2 Ke4 49.Rd6 Nf3 50.g6 1-0

[Event "XIII American Continental"]
[Site "Montevideo URU"]
[Date "2018.06.09"]
[Round "10"]
[White "Carvalho, Guillermo"]
[Black "Caceres Vasquez, Sergio"]
[Result "0-1"]
[WhiteElo "2195"]
[BlackElo "2041"]
[EventDate "2018.06.01"]
[PlyCount "74"]

1.d4 d5 2.c4 c6 3.e3 Nf6 4.Nf3 Bf5 5.Bd3 Bxd3 6.Qxd3 e6 7.Nc3 Nbd7 8.O-O 
Bd6 9.e4 dxe4 10.Nxe4 Nxe4 11.Qxe4 Nf6 12.Qe2 O-O 13.Rd1 h6 14.Bd2 Qe7 15.
Bc3 Bb4 16.Rac1 Rfe8 17.Bxb4 Qxb4 18.Rd3 Qe7 19.Re1 Rad8 20.Qd2 Qc7 21.h3 
Re7 22.Re5 Red7 23.b4 b6 24.a4 a6 25.Qb2 Rb8 26.Qc3 Rbd8 27.Rd2 Qb8 28.g4 
c5 29.bxc5 bxc5 30.d5 exd5 31.cxd5 Rxd5 32.Rdxd5 Rxd5 33.Rxd5 Nxd5 34.Qxc5
Nf4 35.Ne5 Nxh3+ 36.Kg2 Nf4+ 37.Kf3 Ne6 0-1

[Event "XIII American Continental"]
[Site "Montevideo URU"]
[Date "2018.06.09"]
[Round "10"]
[White "Januario, Severino Pereira"]
[Black "Manzi, Luiz Antonio Bardaro"]
[Result "1-0"]
[WhiteElo "2175"]
[BlackElo "2030"]
[EventDate "2018.06.01"]
[PlyCount "39"]

1.e4 Nf6 2.e5 Nd5 3.d4 d6 4.Nf3 dxe5 5.Nxe5 c6 6.Be2 g6 7.O-O Bg7 8.c4 Nc7
9.Nc3 O-O 10.Be3 Nd7 11.Nf3 e5 12.h3 Re8 13.Qd2 exd4 14.Bxd4 Nf6 15.Rad1 
Bf5 16.Qc1 Qe7 17.Rfe1 Qb4 18.a3 Qb3 19.g4 Be6 20.Nd2 1-0

[Event "XIII American Continental"]
[Site "Montevideo URU"]
[Date "2018.06.09"]
[Round "10"]
[White "Torella, Rodolfo"]
[Black "Carvalho, Herbert Abreu"]
[Result "0-1"]
[WhiteElo "2016"]
[BlackElo "2149"]
[EventDate "2018.06.01"]
[PlyCount "82"]

1.e4 g6 2.d4 Bg7 3.Nc3 d6 4.g3 Nc6 5.Be3 e5 6.dxe5 Nxe5 7.f4 Bg4 8.Qc1 
Nf3+ 9.Kf2 Nxg1 10.Rxg1 Bxc3 11.bxc3 Nf6 12.Bg2 Bd7 13.h3 Bc6 14.Re1 O-O 
15.Bd4 Re8 16.Bxf6 Qxf6 17.Qd2 Re6 18.Qd4 Qe7 19.Re3 f5 20.Rae1 Re8 21.e5 
dxe5 22.Rxe5 Rxe5 23.Rxe5 Qd7 24.Bxc6 Qxc6 25.Rxe8+ Qxe8 26.Qxa7 Qe4 27.
Qb8+ Kg7 28.Qxc7+ Kh6 29.g4 Qxc2+ 30.Kg3 fxg4 31.hxg4 g5 32.Qd6+ Kg7 33.
Qe7+ Kg8 34.Qxg5+ Kh8 35.Qe5+ Kg8 36.Qb8+ Kg7 37.Qxb7+ Kf8 38.Qc8+ Ke7 39.
Qc5+ Ke8 40.Qe5+ Kd8 41.a4 Qd3+ 0-1

[Event "XIII American Continental"]
[Site "Montevideo URU"]
[Date "2018.06.09"]
[Round "10"]
[White "Balzano, Ivan"]
[Black "Soto, Nicolas"]
[Result "1-0"]
[WhiteElo "2142"]
[BlackElo "2011"]
[EventDate "2018.06.01"]
[PlyCount "51"]

1.e4 e6 2.d4 d5 3.Nd2 Nf6 4.e5 Nfd7 5.Bd3 c5 6.c3 Nc6 7.Ngf3 cxd4 8.cxd4 
f6 9.exf6 Nxf6 10.O-O Bd6 11.b3 O-O 12.Bb2 Qb6 13.Rc1 Bd7 14.Ne5 Rad8 15.
Ndf3 Nb4 16.Bb1 a5 17.Re1 Bc8 18.Re3 Rde8 19.Ng5 h6 20.Ngf3 Ne4 21.a3 Bxe5
22.Nxe5 Rxf2 23.Bxe4 Rxb2 24.Bg6 Rf8 25.axb4 Qxb4 26.Rec3 1-0

[Event "XIII American Continental"]
[Site "Montevideo URU"]
[Date "2018.06.09"]
[Round "10"]
[White "Chang, Suzana"]
[Black "Curi Milia, Gabriel"]
[Result "1-0"]
[WhiteElo "1994"]
[BlackElo "2141"]
[EventDate "2018.06.01"]
[PlyCount "41"]

1.c4 c6 2.d4 d5 3.Nc3 Nf6 4.Nf3 e6 5.Bg5 dxc4 6.a4 Bb4 7.e4 b5 8.e5 h6 9.
exf6 hxg5 10.fxg7 Rg8 11.g3 Nd7 12.Bg2 Bb7 13.h4 gxh4 14.Rxh4 Qf6 15.Kf1 
a6 16.Ne4 Qxg7 17.Nfg5 Qg6 18.Bf3 Nf6 19.axb5 Nxe4 20.Nxe4 cxb5 21.Rg4 1-0

[Event "XIII American Continental"]
[Site "Montevideo URU"]
[Date "2018.06.09"]
[Round "10"]
[White "Kulik, Nicolas"]
[Black "Mafra, Kaiser Luiz"]
[Result "0-1"]
[WhiteElo "1367"]
[BlackElo "2116"]
[EventDate "2018.06.01"]
[PlyCount "82"]

1.d4 Nf6 2.c4 g6 3.Nc3 Bg7 4.e4 d6 5.Nf3 O-O 6.Be2 e5 7.d5 a5 8.Qc2 Na6 9.
a3 Bd7 10.Bg5 h6 11.Bh4 Nc5 12.O-O a4 13.Nd2 g5 14.Bg3 c6 15.Rfd1 cxd5 16.
cxd5 Rc8 17.Rac1 Ncxe4 18.Ndxe4 Nxe4 19.Qxe4 f5 20.Qb4 f4 21.Qxd6 fxg3 22.
hxg3 Rf6 23.Qb4 Rb6 24.Qe4 Rxb2 25.Bh5 Qf8 26.Qf3 Bf5 27.Nxa4 Rbc2 28.Rb1 
g4 29.Qb3 Bg6 30.d6+ Kh8 31.Qxb7 Bxh5 32.d7 Rd8 33.Rb2 Qxf2+ 34.Kh2 Bg6 
35.Rxc2 Bxc2 36.Qc8 Bf6 37.Nc3 Bxd1 38.Nxd1 Qf5 39.Ne3 Qxd7 40.Qxd7 Rxd7 
41.Nxg4 Kg7 0-1

[Event "XIII American Continental"]
[Site "Montevideo URU"]
[Date "2018.06.09"]
[Round "10"]
[White "Da Silva Junior, Sediney Mari"]
[Black "Borges, Guilherme Deola"]
[Result "1/2-1/2"]
[WhiteElo "1990"]
[BlackElo "2219"]
[EventDate "2018.06.01"]
[PlyCount "114"]

1.e4 c5 2.c3 Qa5 3.Nf3 Nc6 4.Be2 Nf6 5.Qc2 d5 6.exd5 Nxd5 7.O-O g6 8.Na3 
Bg7 9.Bc4 Nc7 10.d4 cxd4 11.Nxd4 Nxd4 12.cxd4 O-O 13.Qc3 Qb6 14.Be3 Bf5 
15.Rac1 Rac8 16.Qb3 Qxb3 17.Bxb3 Rfd8 18.Rfd1 Nd5 19.Rxc8 Bxc8 20.Nb5 a6 
21.Nc3 Nxe3 22.fxe3 Bf5 23.h3 h5 24.Rf1 Be6 25.Bxe6 fxe6 26.Rd1 Rc8 27.Ne4
e5 28.dxe5 Bxe5 29.b3 Rc2 30.Rd2 Rxd2 31.Nxd2 Kf7 32.Ne4 b6 33.Kf2 Ke6 34.
Ke2 Kd5 35.Kd3 h4 36.a4 Bg7 37.Ng5 Bf6 38.Ne4 Be5 39.Nd2 Bg3 40.Nf3 Kc5 
41.Nd2 Kb4 42.Kc2 Be5 43.Nc4 Bc7 44.Nd2 e6 45.Nf3 Bd8 46.Ne5 Bc7 47.Nxg6 
Bg3 48.Nf8 e5 49.Nd7 b5 50.axb5 Kxb5 51.Nf6 Kb4 52.Ng4 a5 53.Nf6 Bf2 54.
Ng4 Bg3 55.Nf6 Bf2 56.e4 Kc5 57.Kd3 Kb4 1/2-1/2

[Event "XIII American Continental"]
[Site "Montevideo URU"]
[Date "2018.06.09"]
[Round "10"]
[White "Moccero, Eduardo"]
[Black "Granara Barreto, Sebastian"]
[Result "0-1"]
[WhiteElo "1970"]
[BlackElo "2141"]
[EventDate "2018.06.01"]
[PlyCount "56"]

1.d4 c5 2.e3 Nf6 3.Nf3 g6 4.c4 Bg7 5.Nc3 O-O 6.Be2 cxd4 7.exd4 d5 8.cxd5 
Nxd5 9.O-O Nc6 10.Re1 a6 11.h3 b5 12.Nxd5 Qxd5 13.Be3 Bb7 14.Bf1 Rac8 15.
Qd2 Rfd8 16.a4 b4 17.Rac1 a5 18.Bc4 Qd6 19.Bf4 e5 20.dxe5 Qxd2 21.Nxd2 
Nxe5 22.Bxe5 Bxe5 23.Rxe5 Rxd2 24.b3 Bd5 25.Kf1 Bxc4+ 26.Rxc4 Rxc4 27.bxc4
b3 28.Rb5 b2 0-1